| 000 | 02861cam a2200325 i 4500 | ||
|---|---|---|---|
| 001 | 21868923 | ||
| 005 | 20260227125402.0 | ||
| 006 | m |o d | | ||
| 007 | cr ||||||||||| | ||
| 008 | 201217s2022 nyu ob 001 0 eng | ||
| 010 | _a 2020057177 | ||
| 020 | _a9781138914407 | ||
| 035 | _a21868923 | ||
| 040 |
_aDLC _beng _cDLC _erda _dDLC |
||
| 041 | _aEnglish | ||
| 042 | _apcc | ||
| 050 | 1 | 0 | _aP90 |
| 100 |
_aLong, Paul, _d1967- _eauthor. |
||
| 245 | 1 | 0 |
_aMedia studies _b: texts, production, context _c/ Paul Long, Beth Johnson, Shana MacDonald, Schem Rogerson, and Tim Wall ; with Vian Bakir and Andrew McStay. |
| 250 | _aThird edition. | ||
| 264 | 1 |
_aLondon ; _aNew York : _bRoutledge, Taylor & Francis Group, _c2022. |
|
| 300 | _axviii, 414 p. : ill ; 27 cm. | ||
| 500 | _aRevised edition of Media studies. | ||
| 504 | _aIncludes bibliographical references and index. | ||
| 505 | _aHow do media make meaning? — Organising meaning in media texts: genre and narrative — Media representations — Reality media — The business of the media — Media regulation and policy — Media production in a global age — Producing audiences: what do media do to people? — Investigating audiences: what do people do with media? — Media power — Conceptualising mass society — Modernism, postmodernism and after — The consumer society and advertising — Media histories. | ||
| 520 |
_aThis thoroughly revised and updated third edition provides a comprehensive introduction to the various approaches to the field, explaining why media messages matter, how media businesses prosper and why media is integral to defining contemporary life.
The text is divided into three parts – Media texts and meanings; Producing media; and Media and social contexts – exploring the ways in which various media forms make meaning; are produced and regulated; and how society, culture and history are defined by such forms. Encouraging students to actively engage in media research and analysis, each chapter seeks to guide readers through key questions and ideas in order to empower them to develop their own scholarship, expertise and investigations of the media worlds in which we live. Fully updated to reflect the contemporary media environment, the third edition includes new case studies covering topics such as Brexit, podcasts, Love Island, Captain Marvel, Black Lives Matter, Netflix, data politics, the Kardashians, President Trump, ‘fake news’, the post-Covid world and perspectives on global media forms.
This is an essential introduction for undergraduate and postgraduate students of media studies, cultural studies, communication studies, film studies, the sociology of the media and popular culture. _cProvided by publisher. |
||
| 650 | 0 |
_aMass media _95003 |
|
| 700 |
_aWall, Tim, _eauthor. _926743 |
||
| 942 | _2lcc | ||
| 999 |
_c5363 _d5363 |
||